| 000 | 00657nam a2200193 i 4500 | ||
|---|---|---|---|
| 001 | 115555 | ||
| 003 | ES-MaACL | ||
| 005 | 20230906190502.0 | ||
| 007 | t| | ||
| 008 | 070315s1931 mx ||||1| spa d | ||
| 100 | 1 |
_aRamos, Roberto. _995278 |
|
| 245 | 1 | 0 |
_aBibliografía de la revolución mexicana _b: (hasta mayo de 1931) / _cRoberto Ramos. |
| 260 |
_aMéxico : _b[s.n.], _c1931 ( _eImp. de la Secretaría de Relaciones Exteriores) |
||
| 300 |
_a530 p. ; _c20 cm. |
||
| 490 | 1 |
_aMonografías bibliográficas mexicanas ; _v21 |
|
| 830 | 0 |
_aMonografías bibliográficas mexicanas ; _v21 _9186305 |
|
| 852 |
_aES-MaACL _jB-13422 |
||
| 999 |
_c115555 _d115555 |
||